Perguntas sobre História - Statistics

Estatísticas Gerais
  • Esse quiz foi jogado 1 906 vezes
  • A pontuação média é 10 de 20
Estatísticas das Respostas
Questão Resposta % Correto
Nome oficial da antiga URSS União das Repúblicas Socialistas Sov­­­­­­­­­­­­­­­iéticas
81%
Ano de realização da Semana da Arte Moderna (SAM) 1922
75%
A Rússia já se destaca nesse cenário bélico global desde a invasão e anexação de uma região importante na Europa, qual seria essa? Crimeia, anexada a força pela Rússia, durante o Euromaiden na Ucrânia.
67%
O Departamento de Imprensa e Propaganda (DIP), criado durante o Estado Novo (1937-1945), teve qual papel prático? Cerceamento da liberdade de expressão
62%
Mandela, símbolo contra o regime do Apartheid e ex-presidente sul-africano, também é lembrado por ter passado 27 anos na prisão, em decorrência de sua luta contra o regime
61%
Qual império se expandiu de acordo com o mapa? Império Inca
61%
Qual desses países jamais foi colonizado por europeus? China
57%
Um evento que já desenhava o que seria a Segunda Guerra Mundial (1939-1945) foi a Guerra Civil Espanhola, com participação de auxílios militares da Alemanha à Espanha Franquista
57%
O plano econômico do ex-presidente estadunidense Franklin Delano Roosevelt, para conter a Grande Depressão, se chamava New Deal
56%
O quadro "O Grito", de Edvard Munch, é obra Expressionista
55%
Qual dessas personalidades não era asiática? Abdel Nasser
49%
Principal inimigo do ex-presidente Getúlio Vargas (1930-1945/1951-1954), durante seu "segundo mandato", foi Carlos Lacerda, importante jornalista do período
47%
Cristina Elisabet Fernández de Kirchner é uma política e advogada, atual vice-presidente da Argentina
46%
O mês de Agosto é um mês politicamente tenso na história brasileira, isso se deve ao fato de que Foi o mês de suicídio de Getúlio Vargas e renuncia de Jânio Quadros
44%
Qual o Rio mais importante da Ásia? Rio Amarelo
42%
Se te pedissem para citar "uma guerra contemporânea (1789-), entre uma potência e um país não desenvolvido e acabada" você diria Guerra do Iraque (2003-2011)
41%
A revolta regencial da Cabanagem (1835-1840) ocorreu junto a um clima tenso e divisório no jovem novo Império Brasileiro, em qual estado ocorreu tal revolta? Pará (Grão-Pará), em um conflito horroroso e violento
40%
Quem é esse? Victor Hugo
35%
Qual desses políticos foi primeiro-ministro durante o curto período parlamentarista brasileiro (1961-1963)? Tancredo Neves
22%
Não foi um líder/presidente durante os anos 2000 até 2010
17%
Nenhum quiz correspondente encontrado
Distribuição das Pontuações
Porcentagem de Pessoas com Cada Pontuação
Percentil de Números Respondidos
Sua Pontuação Histórica
Você não jogou esse quiz